Chromenes, chromanones, and chromones (Record no. 28400)

MARC details
000 -LEADER
fixed length control field 00281nam a2200109Ia 4500
082 ## - DEWEY DECIMAL CLASSIFICATION NUMBER
Classification number 547.71.8
Item number ELL
245 #0 - TITLE STATEMENT
Title Chromenes, chromanones, and chromones
260 ## - PUBLICATION, DISTRIBUTION, ETC. (IMPRINT)
Place of publication New York
Name of publisher John Wiley
Year of publication 1977
700 ## - ADDED ENTRY--PERSONAL NAME
Personal name Ellis, G P
942 ## - ADDED ENTRY ELEMENTS (KOHA)
Koha item type Books
Holdings
Withdrawn status Lost status Damaged status Not for loan Home library Current library Date acquired Cost, normal purchase price Full call number Accession Number Koha item type
        RRII Library RRII Library 16/12/2021 100.00 547.71.8 ELL 09001 Books